书目信息 |
| 题名: |
花卉盆栽
|
|
| 作者: | 佐野清 , 冈村彰 著 ;刘醒群 译 | |
| 分册: | ||
| 出版信息: | 北京 科学普及出版社 1981 |
|
| 页数: | 41页 | |
| 开本: | 19cm | |
| 丛书名: | ||
| 单 册: | ||
| 中图分类: | S68 , S62 | |
| 科图分类: | ||
| 主题词: | 园艺--设施--盆栽--园艺--设施 , 盆栽 , 园艺--温室栽培 , 保护地栽培 | |
| 电子资源: | ||
| ISBN: | ||
| 000 | 00773nam0 2200289 450 | |
| 001 | 1571976475 | |
| 005 | 20150129195959.98 | |
| 010 | @dCNY0.16 | |
| 091 | @a16051.1005 | |
| 100 | @a19950602d1981 em y0chiy0110 ea | |
| 101 | 1 | @achi@cjpn |
| 102 | @aCN@b110000 | |
| 105 | @ay z 000yy | |
| 200 | 1 | @a花卉盆栽@9hua hui pen zai@f(日)佐野清,(日)冈村彰著@g刘醒群译 |
| 210 | @a北京@c科学普及出版社@d1981 | |
| 215 | @a41页@d19cm | |
| 606 | 0 | @a园艺@x设施@x盆栽@a园艺@x设施 |
| 606 | 0 | @a盆栽 |
| 606 | 0 | @a园艺@x温室栽培 |
| 606 | 0 | @a保护地栽培 |
| 690 | @aS68@v5 | |
| 690 | @aS62@v4 | |
| 701 | 0 | @a佐野清@9zuo ye qing@4著 |
| 701 | 0 | @a冈村彰@9gang cun zhang@4著 |
| 702 | 0 | @a刘醒群@9liu xing qun@4译 |
| 801 | 0 | @aCN@bTSSF@c20150129 |
| 905 | @aZUCC@dS62@eJY14 | |
| 花卉盆栽/(日)佐野清,(日)冈村彰著/刘醒群译.-北京:科学普及出版社,1981 |
| 41页;19cm |
| ISBN :CNY0.16 |
| ● |
| 相关链接 |
|
|
|
|
正题名:花卉盆栽
索取号:S62/JY14
 
预约/预借
| 序号 | 登录号 | 条形码 | 馆藏地/架位号 | 状态 | 备注 |
| 1 | 7862898 | 278628987 | 学院路分馆/ [索取号:S62/JY14] | 在馆 |